A közösségi érdekérvényesítést segítő társadalmi, kapcsolati tőke
Elmentve itt :
| Szerző: | |
|---|---|
| Dokumentumtípus: | Könyv része |
| Megjelent: |
2009
|
| Sorozat: | Közösségi kapcsolatok : műhelytanulmányok
2 Közösségi relációk: elméletek, narratívak, hipotézisek 2 |
| Kulcsszavak: | Egyén és társadalom, Közösségi élet, Társadalmi kapcsolatok, Közösség és társadalom |
| Tárgyszavak: | |
| Online Access: | http://acta.bibl.u-szeged.hu/67913 |
| LEADER | 00933naa a2200229 i 4500 | ||
|---|---|---|---|
| 001 | acta67913 | ||
| 005 | 20220107095401.0 | ||
| 008 | 200430s2009 hu o 0|| hun d | ||
| 020 | |a 978 963 9573 54 3 | ||
| 022 | |a 2060-8985 | ||
| 040 | |a SZTE Egyetemi Kiadványok Repozitórium |b hun | ||
| 041 | |a hun | ||
| 100 | 1 | |a Széll Krisztián | |
| 245 | 1 | 2 | |a A közösségi érdekérvényesítést segítő társadalmi, kapcsolati tőke |h [elektronikus dokumentum] / |c Széll Krisztián |
| 260 | |c 2009 | ||
| 300 | |a 119-134 | ||
| 490 | 0 | |a Közösségi kapcsolatok : műhelytanulmányok |v 2 | |
| 490 | 0 | |a Közösségi relációk: elméletek, narratívak, hipotézisek |v 2 | |
| 650 | 4 | |a Társadalomtudományok | |
| 650 | 4 | |a Szociológia | |
| 695 | |a Egyén és társadalom, Közösségi élet, Társadalmi kapcsolatok, Közösség és társadalom | ||
| 856 | 4 | 0 | |u http://acta.bibl.u-szeged.hu/67913/1/2009_kozossegi_relaciok_119-134.pdf |z Dokumentum-elérés |